| 000 -LEADER |
| fixed length control field |
02360nam a22002057a 4500 |
| 005 - DATE AND TIME OF LATEST TRANSACTION |
| control field |
20260203144417.0 |
| 008 - FIXED-LENGTH DATA ELEMENTS--GENERAL INFORMATION |
| fixed length control field |
260127b ||||| |||| 00| 0 eng d |
| 040 ## - CATALOGING SOURCE |
| Transcribing agency |
SSBUL |
| 041 ## - LANGUAGE CODE |
| Language code of text/sound track or separate title |
English |
| 082 ## - DEWEY DECIMAL CLASSIFICATION NUMBER |
| Edition number |
23 |
| Item number |
T-25 Ph.D |
| 100 0# - MAIN ENTRY--PERSONAL NAME |
| Personal name |
Ni Ni Khin, |
| Numeration |
4 PhD(R)-Hist-15. |
| 9 (RLIN) |
65764 |
| 245 10 - TITLE STATEMENT |
| Title |
Agrarian society of Shwebo township (1752-1885) / |
| Statement of responsibility, etc. |
Ni Ni Khin. |
| 260 ## - PUBLICATION, DISTRIBUTION, ETC. |
| Place of publication, distribution, etc. |
Mandalay : |
| Name of publisher, distributor, etc. |
University of Mandalay, |
| Date of publication, distribution, etc. |
2012. |
| 300 ## - PHYSICAL DESCRIPTION |
| Extent |
xxvi, 211 p. , |
| Other physical details |
map, photo, |
| Dimensions |
29 cm. |
| 502 ## - DISSERTATION NOTE |
| Dissertation note |
In preparing this dissertation on the Agrarian Society of Shwebo Township during the Konbaung Period, based on the hundreds of contemporary manuscript records collected from the study area, focus is made on the then agriculture and its related economy engaged in by the peasants. In a broader sense, it is the study of socioeconomic life of the people who had been living in this township. The economic development of the people greatly depended mostly on the ruling monarchs, because he could demand corvee labour and recruits. The Shwebo was an agricultural region. So the study focuses on dams and water tanks dug by the ancient kings for irrigation. Evidences are obtained from stone inscriptions, erected near the lakès and dams by the kings. These inscriptions explain the purpose of digging canals, lakes, reservoirs, and the benefits enjoyed by the peasants. Several hundred Thet-kayits—Land Mortgage written on Parabaiks of the Konbaung Period are also studied to know the socio-economic life of the people, system of water distribution and rate, maintenance of the lakes and dams, and the benefits. A study is also made on the economic conditions of the rural people and other relevant factors like land values, crops and cattle prices and other commodity prices. A detail account of money-lending business and relations between creditors and the debtors that greatly reflect on the lives of landowners and peasantry is highlighted. |
| Degree type |
Ph.D |
| Name of granting institution |
University of Mandalay |
| Year degree granted |
2010 |
| 504 ## - BIBLIOGRAPHY, ETC. NOTE |
| Bibliography, etc. note |
Included bibliography |
| 505 ## - FORMATTED CONTENTS NOTE |
| Formatted contents note |
Introduction<br/>Chapters<br/>1. Tanks, Reservoirs and Irrigation Works<br/>2. Economy<br/>3. Rural Life<br/>4. Creditor and Debtor: Their Inter-dependency<br/>Conclusion<br/>Maps<br/>Photographs<br/>Appendices<br/>Bibliography |
| Statement of responsibility |
Ni Ni Khin |
| Title |
Agrarian society of Shwebo township (1752-1885) |
| 650 ## - SUBJECT ADDED ENTRY--TOPICAL TERM |
| Topical term or geographic name entry element |
Agriculture |
| General subdivision |
History |
| Chronological subdivision |
(1752–1885) |
| 9 (RLIN) |
65765 |
| Geographic subdivision |
Shwebo |
| 942 ## - ADDED ENTRY ELEMENTS (KOHA) |
| Source of classification or shelving scheme |
|
| Koha item type |
Reference |